El Estado y el Derecho en el pensamiento general de Manuel Gonzáles Prada / (Record no. 23628)

000 -CABECERA
fixed length control field 01008nam a22002417i 4500
003 - IDENTIFICADOR DEL NÚMERO DE CONTROL
control field AR-CdUCM
008 - DATOS DE LONGITUD FIJA--INFORMACIÓN GENERAL
fixed length control field 260423b20232023 pe||||| |||| 00| 0 spa d
020 ## - NÚMERO INTERNACIONAL ESTÁNDAR DEL LIBRO
ISBN 978-612-331-054-7
040 ## - FUENTE DE LA CATALOGACIÓN
Agencia/entidad que catalogó originalmente la obra MUNICIPALIDAD PROVINCIAL DEL CUSCO
Entidad que transcribió la catalogación BIBLIOTECA MUNICIPAL DEL CUSCO
082 ## - NÚMERO DE LA CLASIFICACIÓN DECIMAL DEWEY
No. de Clasificación 343.3
Notacion interna F83
100 ## - ENTRADA PRINCIPAL--NOMBRE DE PERSONA
Nombre Personal Freundt Vélez, Gustavo Luis
245 ## - MENCIÓN DE TÍTULO
Título El Estado y el Derecho en el pensamiento general de Manuel Gonzáles Prada /
260 ## - PUBLICACIÓN, DISTRIBUCIÓN, ETC.
Lugar de publicación, distribución, etc. Lima-Perú :
Nombre de la editorial, distribuidor, etc. Universidad Ricardo Palma - Editorial Universitaria
Fecha de publicación, distribución, etc. 2023
300 ## - DESCRIPCIÓN FÍSICA
Nº de Páginas Extensión 117 páginas. :
Dimensiones 42x17 cm.
500 ## - NOTA GENERAL
Bibliografía Páginas: 115-117
505 ## - NOTA DE CONTENIDO CON FORMATO
Nota de contenido formateada Influencias y originalidades en su pensamiento -- El romanísimo -- El radicalismo -- El indigenismo -- Doctrinas de la constitución -- La invasión y el coloniaje español -- El clero y la iglesia católica
650 ## - PUNTO DE ACCESO ADICIONAL DE MATERIA--TÉRMINO DE MATERIA
Descriptor El anarquismo
9 (RLIN) 52665
650 ## - PUNTO DE ACCESO ADICIONAL DE MATERIA--TÉRMINO DE MATERIA
Descriptor Frente al estado
9 (RLIN) 52666
650 ## - PUNTO DE ACCESO ADICIONAL DE MATERIA--TÉRMINO DE MATERIA
Descriptor Frente al derecho
9 (RLIN) 52667
942 ## - ELEMENTOS DE PUNTO DE ACCESO ADICIONAL (KOHA)
Fuente de clasificación
Tipo de item Libros-BMC
945 ## - PROCESAMIENTO DE INFORMACIÓN LOCAL (OCLC)
Catalogador pbjr
AAAA-MM-DD - Fecha de ingreso o modificacion 23-04-2026
Holdings
Estado de retiro (separado) Fuente de clasificación o esquema de estanterías Estado dañado Ubicación Sala donde se ubica Nombre de la colección Fecha de adquisición o compra Fuente de adquisición Costo, precio normal en soles Signatura topográfica Código de Barras Última vez visto (Koha) Tipo de ítem (Koha)
No     Sala Humanidades Sala Humanidades Book Cart 2026-04-23 Donación 15.00 343.3 / F83 SH0000017109 2026-04-23 Libros-BMC

Powered by Koha